[Event "GER-chT U20"]
[Site "Muenster"]
[Date "2022.12.29"]
[Round "5"]
[White "Lichtmannecker, Daniel"]
[Black "Hommel, Niclas"]
[Result "0-1"]
[WhiteElo "2106"]
[BlackElo "2002"]
[PlyCount "126"]
[EventDate "2022.12.26"]
[EventType "team-swiss"]
[EventRounds "7"]
[EventCountry "GER"]
[SourceTitle "CBM 212 Extra"]
[Source "ChessBase"]
[SourceDate "2023.03.31"]
[SourceVersion "1"]
[SourceVersionDate "2023.03.31"]
[SourceQuality "1"]
[WhiteTeam "Ergolding"]
[BlackTeam "Kreuzberg"]
[WhiteTeamCountry "GER"]
[BlackTeamCountry "GER"]

1. e4 c5 2. Nf3 d6 3. Bb5+ Nd7 4. a4 a6 5. Be2 Ngf6 6. Nc3 e6 7. d4 cxd4 8. Qxd4 Be7 9. 0-0 0-0 10. Rd1 Qc7 11. Qc4 Qxc4 12. Bxc4 Rd8 13. Bf4 Nf8 14. e5 dxe5 15. Nxe5 Ng6 16. Nxg6 hxg6 17. Be2 Bd7 18. Bf3 Bc6 19. Bxc6 bxc6 20. Be5 Nd5 21. Ne4 f6 22. Bd4 Rab8 23. c4 Nb4 24. Rac1 Kf7 25. Kf1 Rb7 26. Ke2 Rbd7 27. Bb6 Nd3 28. Rxd3 Rxd3 29. Bxd8 Rxd8 30. Rd1 Rxd1 31. Kxd1 f5 32. Nd2 e5 33. Ke2 Ke6 34. Nb3 Bb4 35. f3 g5 36. g4 g6 37. h3 Kd6 38. Kd3 Be1 39. Na1 Kc5 40. Nc2 Bf2 41. b4+ Kd6 42. Ke2 Bg1 43. Ne3 Ke6 44. Kd3 Bf2 45. a5 Bxe3 46. Kxe3 Kd6 47. Kd3 Kd7 48. Ke3 Kd6 49. Kf2 c5 50. b5 axb5 51. cxb5 Kc7 52. Ke2 c4 53. gxf5 gxf5 54. Kd2 e4 55. f4 gxf4 56. h4 f3 57. h5 f2 58. Ke2 c3 59. b6+ Kb7 60. h6 c2 61. h7 f1Q+ 62. Kxf1 c1Q+ 63. Ke2 Qh6 0-1

[Event "GER-chT U20"]
[Site "Willingen"]
[Date "2021.06.24"]
[Round "2"]
[White "Hommel, Niclas"]
[Black "Graf, Lucas"]
[Result "0-1"]
[WhiteElo "2062"]
[BlackElo "1882"]
[PlyCount "118"]
[EventDate "2021.06.24"]
[EventType "team-swiss"]
[EventRounds "7"]
[EventCountry "GER"]
[SourceTitle "CBM 203 Extra"]
[Source "ChessBase"]
[SourceDate "2021.09.30"]
[SourceVersion "1"]
[SourceVersionDate "2021.09.30"]
[SourceQuality "1"]
[WhiteTeam "Kreuzberg"]
[BlackTeam "Plauen Koenig"]
[WhiteTeamCountry "GER"]
[BlackTeamCountry "GER"]

1. e4 c5 2. Nf3 e6 3. d4 cxd4 4. Nxd4 Nf6 5. Nc3 Nc6 6. Ndb5 d6 7. Bf4 e5 8. Bg5 Be7 9. Bxf6 gxf6 10. Nd5 0-0 11. Nxe7+ Qxe7 12. Qxd6 Qxd6 13. Nxd6 Be6 14. 0-0-0 Rfd8 15. b3 b6 16. c3 Rd7 17. Bb5 Rc7 18. Kb2 a6 19. Bc4 Rd8 20. Bxe6 fxe6 21. Nc4 b5 22. Ne3 Kf7 23. Rxd8 Nxd8 24. Rd1 Ke7 25. Ra1 Nf7 26. a4 Nd6 27. f3 h5 28. axb5 axb5 29. Ra8 Kf7 30. Rh8 Kg6 31. Rg8+ Kf7 32. Rd8 Ne8 33. Rb8 Nd6 34. Rb6 Ke7 35. Nc2 f5 36. exf5 exf5 37. Ne3 Rd7 38. Ka3 e4 39. Kb4 Ke6 40. fxe4 fxe4 41. Rc6 h4 42. Rc5 Rf7 43. Rh5 Nf5 44. Nxf5 Rxf5 45. Rxh4 e3 46. Rh8 Rf7 47. Rh3 Rf4+ 48. Kxb5 Re4 49. Rxe3 Rxe3 50. b4 Rxc3 51. g4 Rh3 52. Kc6 Rxh2 53. b5 Rc2+ 54. Kb7 Rg2 55. b6 Kd7 56. Ka7 Kc6 57. b7 Ra2+ 58. Kb8 Rb2 59. Ka8 Rxb7 0-1

[Event "GER-chT Christmas U16 Steinitz"]
[Site "Playchess.com INT"]
[Date "2020.12.28"]
[Round "7.1"]
[White "Burgtorf, Benjamin"]
[Black "Hommel, Niclas"]
[Result "1/2-1/2"]
[WhiteElo "1773"]
[BlackElo "2062"]
[PlyCount "109"]
[EventDate "2020.12.28"]
[EventType "team-swiss (blitz)"]
[EventRounds "7"]
[EventCountry "GER"]
[SourceTitle "CBM 200 Extra"]
[Source "ChessBase"]
[SourceDate "2021.03.31"]
[SourceVersion "1"]
[SourceVersionDate "2021.03.31"]
[SourceQuality "1"]
[WhiteTeam "Blankenese"]
[BlackTeam "Oberschoeneweide"]
[WhiteTeamCountry "GER"]
[BlackTeamCountry "GER"]

1. Nf3 Nf6 2. c4 c5 3. Nc3 d5 4. cxd5 Nxd5 5. d4 cxd4 6. Qxd4 Nxc3 7. Qxd8+ Kxd8 8. bxc3 Nc6 9. Bf4 f6 10. Rd1+ Ke8 11. e4 e5 12. Be3 Be6 13. a4 Kf7 14. Be2 Be7 15. 0-0 Rhd8 16. Rb1 b6 17. Ba6 Na5 18. Rfd1 Bb3 19. Rxd8 Rxd8 20. Bb5 Bc2 21. Rc1 Bxe4 22. Nd2 Bd3 23. Bxd3 Rxd3 24. Kf1 Ke6 25. Ke2 Rd7 26. Rb1 f5 27. f4 e4 28. Bd4 Bd6 29. g3 Nc6 30. Nb3 g6 31. Ra1 Bf8 32. Ke3 Bg7 33. Bxg7 Rxg7 34. a5 Nxa5 35. Nxa5 bxa5 36. Rxa5 Rd7 37. Ra6+ Kd5 38. Ra4 Kc5 39. g4 Kb5 40. Rb4+ Kc5 41. gxf5 gxf5 42. Ra4 Rd3+ 43. Kf2 Rf3+ 44. Ke2 Rxf4 45. Rxa7 Rh4 46. Ra5+ Kc4 47. Rxf5 Kxc3 48. Ke3 Kc4 49. Re5 Rxh2 50. Kxe4 Re2+ 51. Kf4 Rxe5 52. Kxe5 Kd3 53. Kf5 h5 54. Kg5 h4 55. Kxh4 1/2-1/2

[Event "GER-chT Christmas U16 Steinitz"]
[Site "Playchess.com INT"]
[Date "2020.12.28"]
[Round "2.1"]
[White "Hommel, Niclas"]
[Black "Farokhi, Keyvan"]
[Result "1/2-1/2"]
[WhiteElo "2062"]
[BlackElo "2059"]
[PlyCount "101"]
[EventDate "2020.12.28"]
[EventType "team-swiss (blitz)"]
[EventRounds "7"]
[EventCountry "GER"]
[SourceTitle "CBM 200 Extra"]
[Source "ChessBase"]
[SourceDate "2021.03.31"]
[SourceVersion "1"]
[SourceVersionDate "2021.03.31"]
[SourceQuality "1"]
[WhiteTeam "Oberschoeneweide"]
[BlackTeam "Kiel Doppelbauer"]
[WhiteTeamCountry "GER"]
[BlackTeamCountry "GER"]

1. e4 c6 2. Nf3 d5 3. Nc3 Bg4 4. h3 Bxf3 5. Qxf3 e6 6. d4 dxe4 7. Qxe4 Nf6 8. Qd3 Nbd7 9. g3 Be7 10. Bg2 0-0 11. 0-0 e5 12. dxe5 Nxe5 13. Qxd8 Raxd8 14. Re1 Ng6 15. Be3 Bb4 16. Bxa7 Rd2 17. a3 Bxc3 18. bxc3 Rxc2 19. Bd4 Ra8 20. Rab1 Rxa3 21. Rxb7 h5 22. Bxc6 h4 23. g4 Nf4 24. Rb8+ Kh7 25. Bxf6 Nxh3+ 26. Kh2 Nxf2 27. Bd4 Nd3+ 28. Kh3 Nxe1 29. Be4+ Kh6 30. Kxh4 g5+ 31. Kg3 Rcxc3+ 32. Bxc3 Rxc3+ 33. Kf2 Nd3+ 34. Kf1 Ne5 35. Bf5 Rc4 36. Rh8+ Kg7 37. Rh7+ Kf8 38. Rh8+ Ke7 39. Rh5 Nxg4 40. Rxg5 Ne3+ 41. Ke2 Nxf5 42. Rxf5 Ke6 43. Rf3 f5 44. Kf2 Ke5 45. Ra3 f4 46. Rb3 Ke4 47. Ra3 Rc2+ 48. Kf1 Kf5 49. Rb3 Kg4 50. Ra3 f3 51. Ra8 1/2-1/2

[Event "GER-ch U16"]
[Site "Willingen"]
[Date "2020.10.24"]
[Round "7"]
[White "Nguyen, Alex Dac Vuong"]
[Black "Hommel, Niclas"]
[Result "1/2-1/2"]
[WhiteElo "2343"]
[BlackElo "2047"]
[PlyCount "65"]
[EventDate "2020.10.19"]
[EventType "swiss"]
[EventRounds "7"]
[EventCountry "GER"]
[SourceTitle "EXT 2022"]
[Source "ChessBase"]
[SourceDate "2021.10.06"]
[SourceVersion "1"]
[SourceVersionDate "2021.10.06"]
[SourceQuality "1"]

1. e4 c5 2. Nf3 d6 3. d4 cxd4 4. Nxd4 Nf6 5. f3 e5 6. Nb3 Be6 7. c4 Nbd7 8. Nc3 Rc8 9. Be3 Bxc4 10. Bxc4 Rxc4 11. Qd3 Rc6 12. g4 Be7 13. 0-0-0 a6 14. Kb1 b5 15. h4 b4 16. Nd5 Nxd5 17. exd5 Rc8 18. Qxa6 0-0 19. Rc1 Ra8 20. Qb5 f5 21. g5 Rb8 22. Qa4 Rf7 23. Rc6 Bf8 24. Rhc1 f4 25. Bf2 e4 26. fxe4 Ne5 27. R6c2 Nd3 28. Rd1 Nxf2 29. Rxf2 Qb6 30. Rf3 Rc8 31. Qa5 Qb7 32. Rd4 Qd7 33. Qa6 1/2-1/2

[Event "GER-ch U16"]
[Site "Willingen"]
[Date "2020.10.23"]
[Round "5"]
[White "Hommel, Niclas"]
[Black "Simukov, Erik"]
[Result "1/2-1/2"]
[WhiteElo "2047"]
[BlackElo "2012"]
[PlyCount "83"]
[EventDate "2020.10.19"]
[EventType "swiss"]
[EventRounds "7"]
[EventCountry "GER"]
[SourceTitle "EXT 2022"]
[Source "ChessBase"]
[SourceDate "2021.10.06"]
[SourceVersion "1"]
[SourceVersionDate "2021.10.06"]
[SourceQuality "1"]

1. e4 e5 2. Nf3 Nc6 3. Bc4 Bc5 4. c3 Nf6 5. d3 d6 6. 0-0 a6 7. Bb3 Ba7 8. Nbd2 0-0 9. h3 Nh5 10. Nc4 Qf6 11. Ne3 Nf4 12. Nd5 Nxd5 13. exd5 Nb8 14. d4 exd4 15. Nxd4 Bxd4 16. cxd4 Bf5 17. Qf3 Qg6 18. Bf4 Nd7 19. Qg3 Nf6 20. Qxg6 fxg6 21. Rac1 Rf7 22. f3 a5 23. Bc4 Bd7 24. a3 b5 25. Ba2 Bc8 26. Bg5 Ne8 27. Rc2 Bb7 28. Re2 Rf5 29. Rfe1 Kf8 30. Bd2 Rf7 31. Bxa5 Nf6 32. Bd2 Bxd5 33. Bxd5 Nxd5 34. Kf2 Re7 35. Rxe7 Nxe7 36. Ke2 Nd5 37. Kd3 Kf7 38. Ra1 Ke6 39. b3 Nb6 40. Bb4 Kd5 41. Rc1 Ra7 42. Rc2 1/2-1/2

[Event "GER-ch U16"]
[Site "Willingen"]
[Date "2020.10.23"]
[Round "6"]
[White "Hommel, Niclas"]
[Black "Zackrisson, Peter"]
[Result "1-0"]
[WhiteElo "2047"]
[BlackElo "1947"]
[PlyCount "55"]
[EventDate "2020.10.19"]
[EventType "swiss"]
[EventRounds "7"]
[EventCountry "GER"]
[SourceTitle "EXT 2022"]
[Source "ChessBase"]
[SourceDate "2021.10.06"]
[SourceVersion "1"]
[SourceVersionDate "2021.10.06"]
[SourceQuality "1"]

1. e4 c5 2. Nf3 d6 3. d4 cxd4 4. Nxd4 Nf6 5. Nc3 a6 6. f3 e5 7. Nb3 Be7 8. Be3 Be6 9. Qd2 h5 10. 0-0-0 b5 11. Nd5 Bxd5 12. exd5 Nbd7 13. Na5 Nb6 14. Nc6 Qc7 15. Bxb6 Qxb6 16. Bd3 Nd7 17. h4 Bf6 18. Be4 Nb8 19. Kb1 Nxc6 20. dxc6 0-0-0 21. Qd5 Rhf8 22. g4 Kc7 23. g5 Be7 24. Rd3 f5 25. Bxf5 Rxf5 26. Qe6 Rf4 27. Qxe7+ Kc8 28. Rxd6 1-0

[Event "GER-ch U16"]
[Site "Willingen"]
[Date "2020.10.22"]
[Round "4"]
[White "Lohr, Maximilian"]
[Black "Hommel, Niclas"]
[Result "0-1"]
[WhiteElo "2108"]
[BlackElo "2047"]
[PlyCount "64"]
[EventDate "2020.10.19"]
[EventType "swiss"]
[EventRounds "7"]
[EventCountry "GER"]
[SourceTitle "EXT 2022"]
[Source "ChessBase"]
[SourceDate "2021.10.06"]
[SourceVersion "1"]
[SourceVersionDate "2021.10.06"]
[SourceQuality "1"]

1. e4 c5 2. Nf3 d6 3. d4 cxd4 4. Nxd4 Nf6 5. Nc3 Nc6 6. Bg5 e6 7. Qd2 Be7 8. 0-0-0 Nxd4 9. Qxd4 0-0 10. f4 Qa5 11. Bc4 Bd7 12. e5 dxe5 13. fxe5 Bc6 14. Bd2 Nd7 15. Nd5 Qd8 16. Nxe7+ Qxe7 17. Rhe1 b5 18. Bb3 Nc5 19. Qg4 Rfc8 20. Re3 a5 21. Rg3 g6 22. Bg5 Qf8 23. Qh4 a4 24. Be7 axb3 25. cxb3 Be4 26. Rd4 Nxb3+ 27. Kd1 Rc1+ 28. Ke2 Nxd4+ 29. Kd2 Rc2+ 30. Kd1 Rxa2 31. Ra3 Rxa3 32. Bxa3 Qa8 0-1

[Event "GER-ch U18 sf Berlin Online"]
[Site "Playchess.com INT"]
[Date "2020.05.01"]
[Round "6"]
[White "Bashylina, Luisa"]
[Black "Hommel, Niclas"]
[Result "0-1"]
[WhiteElo "1672"]
[BlackElo "1620"]
[PlyCount "96"]
[EventDate "2020.05.01"]
[EventType "swiss (blitz)"]
[EventRounds "13"]
[EventCountry "GER"]
[SourceTitle "CBM 195 Extra"]
[Source "ChessBase"]
[SourceDate "2020.05.31"]
[SourceVersion "1"]
[SourceVersionDate "2020.05.31"]
[SourceQuality "1"]

1. e4 c5 2. Nf3 d6 3. d4 cxd4 4. Qxd4 Nf6 5. Bg5 Nc6 6. Bb5 Bd7 7. Bxc6 bxc6 8. c4 e5 9. Qd3 Be6 10. 0-0 h6 11. Bh4 Be7 12. Nc3 0-0 13. Rfd1 g5 14. Bg3 Nh5 15. c5 dxc5 16. Bxe5 Bf6 17. Bd6 Re8 18. Bxc5 Qc7 19. Bd6 Qb7 20. Na4 Rad8 21. e5 Nf4 22. Qc2 Bg7 23. Nc5 Qb5 24. Rd2 Ng6 25. Nd4 Qc4 26. Ncxe6 Qxc2 27. Rxc2 fxe6 28. Nxc6 Rc8 29. Rac1 Kh7 30. g3 a6 31. Nd4 Rxc2 32. Rxc2 Nxe5 33. Re2 Nc4 34. Bc5 Bxd4 35. Bxd4 Kg6 36. b3 Nd6 37. Bc3 Nb5 38. Bb2 Kf7 39. Kg2 Rc8 40. f4 gxf4 41. gxf4 Nd6 42. Kf3 Nf5 43. Be5 Rd8 44. Rc2 Rd3+ 45. Kf2 Kg6 46. Rc6 Rd2+ 47. Kf3 Rd3+ 48. Ke4 Re3# 0-1

[Event "GER-ch U18 sf Berlin Online"]
[Site "Playchess.com INT"]
[Date "2020.05.01"]
[Round "13"]
[White "Hommel, Niclas"]
[Black "Bardorz, Jana"]
[Result "1-0"]
[WhiteElo "1620"]
[BlackElo "1770"]
[PlyCount "79"]
[EventDate "2020.05.01"]
[EventType "swiss (blitz)"]
[EventRounds "13"]
[EventCountry "GER"]
[SourceTitle "CBM 195 Extra"]
[Source "ChessBase"]
[SourceDate "2020.05.31"]
[SourceVersion "1"]
[SourceVersionDate "2020.05.31"]
[SourceQuality "1"]

1. e4 e5 2. Nf3 Nc6 3. Bc4 Nf6 4. Ng5 d5 5. exd5 Na5 6. Bb5+ c6 7. dxc6 bxc6 8. Bd3 Nd5 9. Nf3 Bd6 10. 0-0 0-0 11. Re1 Qc7 12. Bf1 f5 13. d3 Nf6 14. Nc3 Bb7 15. a3 c5 16. Nb5 Qc6 17. Nxd6 Qxd6 18. Nxe5 Rae8 19. f4 Nc6 20. Nxc6 Bxc6 21. h3 Qd4+ 22. Kh2 Qf2 23. Re2 Rxe2 24. Qxe2 Qxe2 25. Bxe2 Re8 26. Bd1 Re1 27. Bd2 Rf1 28. Be3 Nd5 29. Bxc5 Nxf4 30. c3 Kh8 31. Kg3 Nxg2 32. Rb1 f4+ 33. Kh2 Rf2 34. Bxf2 Ne3 35. Bxe3 fxe3 36. Be2 Ba4 37. Rf1 Kg8 38. Rf3 g6 39. Rxe3 Kg7 40. Re4 1-0

[Event "Berlin Lichtenrade op 15th"]
[Site "Berlin"]
[Date "2019.10.17"]
[Round "6"]
[White "Ploder, Udo"]
[Black "Hommel, Niclas"]
[Result "1/2-1/2"]
[WhiteElo "1932"]
[BlackElo "2065"]
[PlyCount "134"]
[EventDate "2019.10.12"]
[EventType "swiss"]
[EventRounds "9"]
[EventCountry "GER"]
[SourceTitle "CBM 195 Extra"]
[Source "ChessBase"]
[SourceDate "2020.05.31"]
[SourceVersion "1"]
[SourceVersionDate "2020.05.31"]
[SourceQuality "1"]

1. e4 c5 2. Nf3 e6 3. d4 cxd4 4. Nxd4 a6 5. Nc3 Qc7 6. Qf3 Nf6 7. Be3 Bb4 8. Nde2 Nc6 9. 0-0-0 Ne5 10. Qg3 0-0 11. Bd4 d6 12. f4 Ned7 13. e5 dxe5 14. fxe5 Ne8 15. Ne4 b5 16. Nf4 Bb7 17. Ng5 h6 18. Bd3 hxg5 19. Qxg5 Nc5 20. Bxc5 Bxc5 21. Nh5 Be7 22. Qg3 f5 23. Rhe1 Be4 24. Rxe4 fxe4 25. Bxe4 Rf5 26. Bxa8 Rxh5 27. Qg6 Bg5+ 28. Kb1 Qf7 29. Be4 Be3 30. a3 Rh6 31. Qg3 Bb6 32. Bc6 g6 33. Ka2 Ng7 34. Rd7 Qf5 35. Rd2 Kh7 36. Bf3 Bc7 37. Re2 Bd8 38. Re4 Qg5 39. Rg4 Qe3 40. Re4 Qg5 41. Rg4 Qe3 42. Re4 Qd2 43. Re2 Qg5 44. Qf2 Rxh2 45. Qa7 a5 46. Qc5 b4 47. axb4 axb4 48. Qxb4 Rh4 49. Qb5 Qe7 50. c4 Qa7+ 51. Kb1 Qd4 52. Rc2 Qd3 53. Qa4 Bc7 54. Ka2 Bxe5 55. Be2 Qd6 56. Qb5 Qc7 57. c5 Re4 58. c6 Qa7+ 59. Kb1 Ra4 60. Rc5 Ra1+ 61. Kc2 Bf4 62. Bc4 Rc1+ 63. Kb3 Nf5 64. Qb7+ Qxb7+ 65. cxb7 Ne7 66. Rc8 Kg7 67. b8Q Bxb8 1/2-1/2

[Event "GER-ch U16"]
[Site "Willingen"]
[Date "2019.06.15"]
[Round "9"]
[White "Hommel, Niclas"]
[Black "Kopylov, Daniel"]
[Result "1/2-1/2"]
[WhiteElo "1953"]
[BlackElo "2263"]
[PlyCount "151"]
[EventDate "2019.06.08"]
[EventType "swiss"]
[EventRounds "9"]
[EventCountry "GER"]
[SourceTitle "CBM 191 Extra"]
[Source "ChessBase"]
[SourceDate "2019.09.30"]
[SourceVersion "1"]
[SourceVersionDate "2019.09.30"]
[SourceQuality "1"]

1. e4 c5 2. Nf3 d6 3. d4 cxd4 4. Nxd4 Nf6 5. Nc3 Nc6 6. Bg5 e6 7. Qd2 Be7 8. 0-0-0 Nxd4 9. Qxd4 0-0 10. h4 Qa5 11. Kb1 Rd8 12. Qd2 Bd7 13. f3 Qc7 14. g4 Bc6 15. Bd3 d5 16. e5 Ne4 17. fxe4 dxe4 18. Rh3 exd3 19. Rxd3 Rxd3 20. Qxd3 Bxg5 21. hxg5 Qe7 22. Ne4 Rf8 23. Rh1 Bxe4 24. Qxe4 g6 25. Qe3 Rd8 26. Qh3 Qxg5 27. Qxh7+ Kf8 28. Rf1 Rd7 29. Qh8+ Ke7 30. Qg8 Qf4 31. Rh1 Qh2 32. Rf1 Qf4 33. Rh1 Qxg4 34. Rc1 Rd8 35. Qg7 Qh4 36. Rf1 Qf4 37. Re1 Rd2 38. Qh8 Qf2 39. Rh1 Rd8 40. Qg7 Rc8 41. Rc1 Qf5 42. a3 b5 43. Ka2 a5 44. Rh1 b4 45. axb4 axb4 46. Rh8 Rxh8 47. Qxh8 Qxc2 48. Qh4+ Ke8 49. Qxb4 Qc6 50. Qb8+ Kd7 51. Qf8 Qa6+ 52. Kb1 Qf1+ 53. Ka2 Qf3 54. Qd6+ Kc8 55. Qf8+ Kb7 56. Qe7+ Kc6 57. Qd6+ Kb5 58. b3 Qg2+ 59. Ka3 Qa8+ 60. Kb2 Qd5 61. Qb8+ Ka6 62. Qc8+ Kb6 63. Qb8+ Ka6 64. Qc8+ Qb7 65. Qc4+ Ka7 66. Qc5+ Ka8 67. Qa5+ Qa7 68. Qd8+ Qb8 69. Qa5+ Kb7 70. Qb4+ Ka8 71. Qa5+ Qa7 72. Qd8+ Kb7 73. Qd7+ Kb6 74. Qd4+ Ka6 75. Qa4+ Kb7 76. Qd7+ 1/2-1/2

[Event "GER-ch U16"]
[Site "Willingen"]
[Date "2019.06.14"]
[Round "8"]
[White "Koelle, Tobias"]
[Black "Hommel, Niclas"]
[Result "1/2-1/2"]
[WhiteElo "2225"]
[BlackElo "1953"]
[PlyCount "78"]
[EventDate "2019.06.08"]
[EventType "swiss"]
[EventRounds "9"]
[EventCountry "GER"]
[SourceTitle "CBM 191 Extra"]
[Source "ChessBase"]
[SourceDate "2019.09.30"]
[SourceVersion "1"]
[SourceVersionDate "2019.09.30"]
[SourceQuality "1"]

1. d4 Nf6 2. c4 g6 3. Nc3 d5 4. Nf3 Bg7 5. Bf4 dxc4 6. e3 0-0 7. Bxc4 c5 8. d5 Nbd7 9. e4 Nb6 10. Be2 e6 11. dxe6 Qxd1+ 12. Rxd1 Bxe6 13. Bd6 Rfc8 14. 0-0 Ne8 15. Be5 Rd8 16. Bxg7 Nxg7 17. Ne5 f6 18. Nd3 Rac8 19. Nf4 Kf7 20. Nb5 Ke7 21. Nxe6 Nxe6 22. Bg4 a6 23. Nc3 Rxd1 24. Rxd1 Rd8 25. Rxd8 Nxd8 26. h4 Kd6 27. f4 Ne6 28. g3 Nd4 29. h5 Nb5 30. e5+ fxe5 31. Ne4+ Ke7 32. h6 exf4 33. gxf4 Nd5 34. f5 gxf5 35. Bxf5 Nf6 36. Nxc5 Nd6 37. Bd3 Ng4 38. Bxh7 Nxh6 39. Bd3 Ng4 1/2-1/2

[Event "GER-ch U16"]
[Site "Willingen"]
[Date "2019.06.12"]
[Round "5"]
[White "Boder, Jan"]
[Black "Hommel, Niclas"]
[Result "1/2-1/2"]
[WhiteElo "2123"]
[BlackElo "1953"]
[PlyCount "71"]
[EventDate "2019.06.08"]
[EventType "swiss"]
[EventRounds "9"]
[EventCountry "GER"]
[SourceTitle "CBM 191 Extra"]
[Source "ChessBase"]
[SourceDate "2019.09.30"]
[SourceVersion "1"]
[SourceVersionDate "2019.09.30"]
[SourceQuality "1"]

1. e4 c5 2. Nf3 d6 3. Bb5+ Nd7 4. 0-0 a6 5. Bd3 Ngf6 6. Re1 e6 7. c3 Be7 8. Bc2 b5 9. d4 Bb7 10. Nbd2 cxd4 11. cxd4 Rc8 12. a4 b4 13. Bd3 0-0 14. b3 e5 15. d5 Nc5 16. Nc4 a5 17. Bc2 Ba6 18. Nfd2 Re8 19. Bb2 Nfd7 20. g3 Nb6 21. Nxa5 Nbxa4 22. bxa4 Qxa5 23. Nb3 Nxb3 24. Bxb3 Bd8 25. Rc1 Bb6 26. Qd2 Bc5 27. Kg2 Rc7 28. f4 f6 29. h3 Kh8 30. g4 Rec8 31. g5 Rf8 32. f5 fxg5 33. Qxg5 g6 34. Kh2 gxf5 35. exf5 Rg7 36. Qh5 1/2-1/2

[Event "GER-ch U16"]
[Site "Willingen"]
[Date "2019.06.10"]
[Round "3"]
[White "Koellner, Ruben Gideon"]
[Black "Hommel, Niclas"]
[Result "1-0"]
[WhiteElo "2290"]
[BlackElo "1953"]
[PlyCount "53"]
[EventDate "2019.06.08"]
[EventType "swiss"]
[EventRounds "9"]
[EventCountry "GER"]
[SourceTitle "CBM 191 Extra"]
[Source "ChessBase"]
[SourceDate "2019.09.30"]
[SourceVersion "1"]
[SourceVersionDate "2019.09.30"]
[SourceQuality "1"]

1. d4 Nf6 2. Nf3 g6 3. Nbd2 d5 4. e3 Bg7 5. b4 0-0 6. c4 c6 7. Bb2 Bg4 8. Be2 Nbd7 9. 0-0 Rc8 10. h3 Bxf3 11. Nxf3 Ne4 12. Bd3 Ndf6 13. Qb3 e6 14. Rfc1 b6 15. cxd5 cxd5 16. a4 Nd6 17. Ba3 Rxc1+ 18. Rxc1 Qb8 19. Ne5 Rc8 20. Nc6 Qb7 21. Ba6 Qxa6 22. Ne7+ Kh8 23. Nxc8 Nc4 24. Nd6 Nxd6 25. b5 Nxb5 26. Qxb5 Qb7 27. Qc6 1-0

[Event "Youth District Germany"]
[Site "Wuerzburg"]
[Date "2018.10.05"]
[Round "5.3"]
[White "Hommel, Niclas"]
[Black "Jakob, Georg"]
[Result "0-1"]
[WhiteElo "1915"]
[BlackElo "1959"]
[PlyCount "56"]
[EventDate "2018.10.02"]
[EventType "team-swiss"]
[EventRounds "7"]
[EventCountry "GER"]
[SourceTitle "CBM 186 Extra"]
[Source "ChessBase"]
[SourceDate "2018.08.24"]
[SourceVersion "1"]
[SourceVersionDate "2018.08.24"]
[SourceQuality "1"]
[WhiteTeam "Berlin U20"]
[BlackTeam "Wuerttemberg U20 II"]
[WhiteTeamCountry "GER"]
[BlackTeamCountry "GER"]

1. e4 c5 2. Nf3 g6 3. d4 cxd4 4. Nxd4 Bg7 5. c4 Nc6 6. Be3 Nf6 7. Nc3 Ng4 8. Qxg4 Nxd4 9. Qd1 e5 10. Bd3 0-0 11. 0-0 d6 12. Qd2 Be6 13. Rfd1 Rc8 14. b3 a6 15. Rac1 Qa5 16. Bf1 f5 17. f3 fxe4 18. fxe4 b5 19. Ne2 Qxd2 20. Rxd2 bxc4 21. Nxd4 exd4 22. Bxd4 Bh6 23. Rcc2 Bxd2 24. Rxd2 cxb3 25. axb3 Rc1 26. Rf2 Bxb3 27. Rxf8+ Kxf8 28. Kf2 Bc4 0-1

[Event "Youth District Germany"]
[Site "Wuerzburg"]
[Date "2018.10.05"]
[Round "4.4"]
[White "Hommel, Niclas"]
[Black "Nguyen, Alex Dac Vuong"]
[Result "0-1"]
[WhiteElo "1915"]
[BlackElo "2240"]
[PlyCount "80"]
[EventDate "2018.10.02"]
[EventType "team-swiss"]
[EventRounds "7"]
[EventCountry "GER"]
[SourceTitle "CBM 186 Extra"]
[Source "ChessBase"]
[SourceDate "2018.08.24"]
[SourceVersion "1"]
[SourceVersionDate "2018.08.24"]
[SourceQuality "1"]
[WhiteTeam "Berlin U20"]
[BlackTeam "Sachsen U20"]
[WhiteTeamCountry "GER"]
[BlackTeamCountry "GER"]

1. e4 e6 2. d4 d5 3. Nc3 Nf6 4. e5 Nfd7 5. f4 c5 6. Nf3 Nc6 7. Be3 Be7 8. Qd2 0-0 9. dxc5 Bxc5 10. 0-0-0 Qa5 11. a3 Rd8 12. Bxc5 Nxc5 13. h4 Qb6 14. Nd4 Ne4 15. Qe3 Nxc3 16. Qxc3 Bd7 17. h5 Rac8 18. Nxc6 bxc6 19. h6 g6 20. f5 c5 21. fxg6 fxg6 22. Rh3 d4 23. Qd2 Qc7 24. Qg5 Rf8 25. Bc4 Qd8 26. Qxd8 Rcxd8 27. b4 Kf7 28. bxc5 Ke7 29. Rxd4 Rc8 30. Rhd3 Rc7 31. g4 Rf1+ 32. Kd2 Rh1 33. Rd6 Rxh6 34. c6 Bc8 35. Bb5 Rh2+ 36. Ke1 Rxc2 37. R3d4 Rc5 38. Rd7+ Bxd7 39. cxd7 Rxe5+ 40. Kf2 Rd5 0-1

[Event "EU Union-ch U14"]
[Site "Kouty nad Desnou"]
[Date "2017.08.23"]
[Round "5"]
[White "Jarocka, Liwia"]
[Black "Hommel, Niclas"]
[Result "1/2-1/2"]
[WhiteElo "1789"]
[BlackElo "1864"]
[PlyCount "71"]
[EventDate "2017.08.19"]
[EventType "swiss"]
[EventRounds "9"]
[EventCountry "CZE"]
[SourceTitle "CBM 180 Extra"]
[Source "ChessBase"]
[SourceDate "2017.10.06"]
[SourceVersion "1"]
[SourceVersionDate "2017.10.06"]
[SourceQuality "1"]

1. e4 c5 2. Nf3 e6 3. d4 cxd4 4. Nxd4 a6 5. Be2 Nc6 6. Nc3 Qc7 7. 0-0 Nf6 8. Be3 Bb4 9. Nxc6 bxc6 10. f4 0-0 11. e5 Bxc3 12. bxc3 Nd5 13. Bc5 Nxc3 14. Qd3 Nxe2+ 15. Qxe2 Re8 16. Rab1 Rb8 17. Qc4 Kh8 18. Bd6 Qa7+ 19. Bc5 Qc7 20. a4 f6 21. Qd4 Rxb1 22. Rxb1 f5 23. Rb6 Rg8 24. Qd6 Qd8 25. Qe7 Qc7 26. a5 h6 27. h4 Kh7 28. h5 Kh8 29. Kf2 Kh7 30. Qf7 Kh8 31. Ke2 Kh7 32. Bd6 Qa7 33. Qg6+ Kh8 34. c4 c5 35. g3 Qa8 36. Be7 1/2-1/2

[Event "EU Union-ch U14"]
[Site "Kouty nad Desnou"]
[Date "2017.08.19"]
[Round "1"]
[White "Priechodsky, Radovan"]
[Black "Hommel, Niclas"]
[Result "0-1"]
[WhiteElo "1386"]
[BlackElo "1864"]
[PlyCount "72"]
[EventDate "2017.08.19"]
[EventType "swiss"]
[EventRounds "9"]
[EventCountry "CZE"]
[SourceTitle "CBM 180 Extra"]
[Source "ChessBase"]
[SourceDate "2017.10.06"]
[SourceVersion "1"]
[SourceVersionDate "2017.10.06"]
[SourceQuality "1"]

1. e4 c5 2. Nf3 Nc6 3. d4 cxd4 4. Nxd4 e5 5. Nb5 a6 6. Nd6+ Bxd6 7. Qxd6 Qf6 8. Qxf6 Nxf6 9. Nc3 Nb4 10. Bd3 Nxd3+ 11. cxd3 b5 12. a3 h6 13. 0-0 Bb7 14. Bd2 0-0 15. Rac1 Rac8 16. Ne2 d5 17. f3 Rfd8 18. Rxc8 Bxc8 19. Ba5 Re8 20. Rc1 Be6 21. Kf2 Nd7 22. Ke3 f5 23. Rc6 fxe4 24. fxe4 d4+ 25. Kf2 Kh7 26. Bb4 Bf7 27. Rxa6 Rc8 28. Ra7 Be8 29. Rb7 Rc2 30. Rxb5 Bh5 31. Rd5 Nf6 32. g4 Bxg4 33. Rxe5 Bxe2 34. Rc5 Rxb2 35. e5 Bxd3+ 36. Kg3 Ne4+ 0-1